| Tag |
First Indicator |
Second Indicator |
Subfields |
| LEADER |
00000cam a2200000Ii 4500 |
| 001 |
in00004592921 |
| 003 |
OCoLC |
| 005 |
20220920145406.2 |
| 008 |
220617t20222022enka b 000 0 eng d |
| 035 |
|
|
|a (OCoLC)1330404215
|
| 040 |
|
|
|a YDX
|e rda
|c YDX
|d COO
|d BDX
|
| 020 |
|
|
|a 1527584356
|q hardcover
|
| 020 |
|
|
|a 9781527584358
|q hardcover
|
| 020 |
|
|
|z 9781527584365
|q electronic book
|
| 050 |
|
4 |
|a PE1583
|b .M38 2022
|
| 082 |
0 |
|
|a 428.1
|2 23
|
| 100 |
1 |
|
|a Mattiello, Elisa,
|e author.
|
| 245 |
1 |
0 |
|a Linguistic innovation in the COVID-19 pandemic /
|c by Elisa Mattiello.
|
| 264 |
|
1 |
|a Newcastle upon Tyne, UK :
|b Cambridge Scholars Publishing,
|c [2022].
|
| 264 |
|
4 |
|c ©2022.
|
| 300 |
|
|
|a xii, 127 pages :
|b illustrations ;
|c 22 cm.
|
| 336 |
|
|
|a text
|b txt
|2 rdacontent
|
| 336 |
|
|
|a still image
|b sti
|2 rdacontent
|
| 337 |
|
|
|a unmediated
|b n
|2 rdamedia
|
| 338 |
|
|
|a volume
|b nc
|2 rdacarrier
|
| 504 |
|
|
|a Includes bibliographical references (pages [109-120).
|
| 650 |
|
0 |
|a English language
|x New words.
|
| 650 |
|
0 |
|a COVID-19 Pandemic, 2020-
|x Social aspects.
|
| 945 |
|
|
|b 413268
|
| 947 |
|
|
|a A14851595042
|
| 948 |
|
|
|a dmitchel 9/20/22 9.50.30
|
| 980 |
|
|
|b print
|c 40031250567
|f NONFIC/B
|g 565714
|k USD
|m 87.44
|q 1
|s AcqMono Conventional
|t Approval plan
|u Vendor order reference number
|v ZYBP
|y Print approval
|z Physical resource
|
| 999 |
f |
f |
|i 7acc606f-648c-4e9f-b2f8-a160ee42089d
|s caafe709-050b-499f-920b-fe271fead3da
|t 0
|
| 952 |
f |
f |
|p normal
|a Texas A&M University
|b College Station
|c Sterling C. Evans Library
|s Evans stk
|d Evans: Library Stacks
|t 0
|e PE1583 .M38 2022
|h Library of Congress classification
|i unmediated -- volume
|m A14851595042
|